Normal view
MARC view
- Khan,M.Abeer
Entry Personal Name
001 - CONTROL NUMBER
- control field: 4856
003 - CONTROL NUMBER IDENTIFIER
- control field: NUST
005 - DATE AND TIME OF LATEST TRANSACTION
- control field: 20170922123522.0
008 - FIXED-LENGTH DATA ELEMENTS
- fixed length control field: 170922|| aca||aabn | a|a d
040 ## - CATALOGING SOURCE
- Original cataloging agency: NUST
- Transcribing agency: NUST
100 ## - HEADING--PERSONAL NAME
- Personal name: Khan,M.Abeer
670 ## - SOURCE DATA FOUND
- Source citation: Work cat.: (NUST): Khan,M.Abeer, Impact of budget deficit on exchange rate determination: evidence form Pakistan, 2013
